000 00340nam a22001337a 4500
008 250703b |||||||| |||| 00| 0 eng d
020 _a0520053966
050 _aHD9850
_b.A44
100 _aAGGARWAL Vinodk
245 _aLiberal Protectionism.
260 _aLondon
_bUniversity of California Press
_c1985
300 _axii, 302p.
942 _cBK
999 _c4114
_d4114